000 00280nam a22001337a 4500
008 180926b xxu||||| |||| 00| 0 eng d
020 _a13892700
041 _aeng
080 _a701
100 _a45
101 _aART
245 _aHistory of Art
_cJanson, H.W
942 _2udc
_cBK
999 _c48521
_d48521